LEADER 01499nam a2200265 i 4500 001 000000202604 003 CaOOAMICUS 005 20110527000000.0 008 110527s1969 it u000 u ita u 013 $a181314 040 $aSeMil$bita 240 10$aDo you know? Twenty Basic Facts about the Palestine Problem [et al.].$0(OLS)http://semarc/title/293273 245 13$aLa lotta del popolo palestinese :$bScritti di Sami Hadawi, Fayez A. Sayegh, Asa'd Abdul-Rahman e un'appendice su Al Fatah /$ca cura di Carlo Pancera ; Introduzione di Guido Valabrega. 260 $aMilano :$bFeltrinelli,$c1969. 300 $a231 p., carte geogr. ;$c18 cm. 490 0 $aUniversale economica ;$v585 500 $aContiene : Appendice. - In copertina : Le ragioni, le tesi, i propositi del protagonista sinora meno ascoltato del tragico conflitto arabo-israeliano. 650 4$aPalestina - Controversie internazionali.$0(OLS)http://semarc/subject/21438 700 1 $aValabrega, Guido.$0(OLS)http://semarc/name/15313 700 1 $aPancera, Carlo.$0(OLS)http://semarc/name/73190 830 0$aUniversale economica ;$v585.$0(OLS)http://semarc/title/11224 850 $aSeMil 852 $aSeMil$W1$xVenegono$y1$m3U I 369$j153121$B153121$CSeMilBibl$Z2$F164113 $81 996 $6245$aLa lotta del popolo palestinese :$bScritti di Sami Hadawi, Fayez A. Sayegh, Asa'd Abdul-Rahman e un'appendice su Al Fatah$9(OLS)http://semarc/title/293272 996 $6260$aMilano :$bFeltrinelli$9(OLS)http://semarc/publisher/30237 LEADER 01092nam a2200277 i 4500 001 000000117636 003 CaOOAMICUS 005 20050713000000.0 008 050713s1957 it u000 u ita u 013 $a90325 040 $aSeMil$bita 100 1 $aFrank Jr., R.$0(OLS)http://semarc/name/49095 240 10$aIce Island. The story of Antarctica.$0(OLS)http://semarc/title/172704 245 10$aStoria dell'Antartide /$cR. Frank Jr. 260 $aFirenze :$bSansoni,$c1957. 300 $a269 p. ;$c17 cm. 490 0 $aLe piccole storie illustrate ;$v32 500 $aDalla Biblioteca del Card. Giovanni Colombo. 650 4$aAntartide - Storia.$0(OLS)http://semarc/subject/21812 830 3$aLe piccole storie illustrate [Sansoni] ;$v32.$0(OLS)http://semarc/title/8013 850 $aSeMil 852 $aSeMil$W1$xVenegono$y1$m3V I 246$j73002$B73002$CSeMilBibl$Z2$F100248 $81 941 1 $a3 961 $aLascito: Colombo Card. Giovanni 996 $6245$aStoria dell'Antartide$9(OLS)http://semarc/title/172703 996 $6260$aFirenze :$bSansoni$9(OLS)http://semarc/publisher/29843